| 000 | 00474nam a2200157 4500 | ||
|---|---|---|---|
| 001 | 132115 | ||
| 003 | ES-MaACL | ||
| 005 | 20230906194116.0 | ||
| 007 | t| | ||
| 008 | 070214s1960 ec r ||||1| spa d | ||
| 100 | 1 |
_aRojas, J. Heriberto. _999048 |
|
| 245 | 1 | 0 |
_aCarmen lírico _b: poemas / _cJ. Heriberto Rojas. |
| 260 |
_aCuenca (Ecuador) : _b[s.n.], _c1960 ( _fGráf. Universidad) |
||
| 300 |
_a127 p. : _b`retr. aut.` ; _c20 cm. |
||
| 852 |
_aES-MaACL _jC-18711 _bR.46623 |
||
| 999 |
_c132115 _d132115 |
||